[Event "VIE-ch U11"]
[Site "Ho Chi Minh City"]
[Date "2022.07.14"]
[Round "5"]
[White "Nguyen, Manh Khiem"]
[Black "Nguyen, Ba Khanh Trinh"]
[Result "0-1"]
[WhiteElo "2348"]
[BlackElo "2355"]
[PlyCount "99"]
[EventDate "2022.07.11"]
[EventType "swiss"]
[EventRounds "9"]
[EventCountry "VIE"]
[SourceTitle "EXT 2023"]
[Source "ChessBase"]
[SourceDate "2022.10.05"]
[SourceVersion "1"]
[SourceVersionDate "2022.10.05"]
[SourceQuality "1"]

1. e4 e5 2. Nf3 Nc6 3. Nc3 d6 4. h3 Be6 5. d3 Nf6 6. Be3 Be7 7. Be2 0-0 8. 0-0 a6 9. Bg5 h6 10. Be3 Qd7 11. Qd2 Rad8 12. a3 d5 13. exd5 Nxd5 14. Rad1 Bf6 15. Nxd5 Qxd5 16. c4 Qd6 17. b4 Nd4 18. Nxd4 exd4 19. Bf4 Be5 20. c5 Bxf4 21. cxd6 Bxd2 22. dxc7 Rc8 23. Rxd2 Rxc7 24. Ra1 Rfc8 25. Rb2 b6 26. a4 Rc2 27. Rxc2 Rxc2 28. Kf1 Rb2 29. a5 Rxb4 30. axb6 Rxb6 31. Ra4 Rb1+ 32. Bd1 Rxd1+ 33. Ke2 Rb1 34. Rxa6 Bf5 35. Rd6 Rb2+ 36. Kf3 Rd2 37. Rxd4 Rxd3+ 38. Rxd3 Bxd3 39. g4 g5 40. Kg3 Kg7 41. f4 Kg6 42. f5+ Bxf5 43. gxf5+ Kxf5 44. Kf3 f6 45. Kg3 h5 46. Kf3 h4 47. Kf2 Kf4 48. Kg2 Ke3 49. Kh2 Kf3 50. Kh1 0-1

[Event "VIE-ch U11"]
[Site "Ho Chi Minh City"]
[Date "2022.07.13"]
[Round "4"]
[White "Le, Dang Khoi"]
[Black "Nguyen, Ba Khanh Trinh"]
[Result "1/2-1/2"]
[WhiteElo "2356"]
[BlackElo "2355"]
[PlyCount "154"]
[EventDate "2022.07.11"]
[EventType "swiss"]
[EventRounds "9"]
[EventCountry "VIE"]
[SourceTitle "EXT 2023"]
[Source "ChessBase"]
[SourceDate "2022.10.05"]
[SourceVersion "1"]
[SourceVersionDate "2022.10.05"]
[SourceQuality "1"]

1. d4 d5 2. Nf3 Bf5 3. g3 Nf6 4. Bg2 Qd7 5. c4 dxc4 6. Ne5 Qc8 7. Qa4+ c6 8. Qxc4 Be6 9. Qc2 Bh3 10. 0-0 Bxg2 11. Kxg2 e6 12. e4 Be7 13. Nc3 0-0 14. b3 Qc7 15. Bb2 c5 16. Ne2 Nc6 17. Nf3 cxd4 18. Nexd4 Rac8 19. e5 Nd5 20. Nb5 Qd7 21. Nd6 Rc7 22. Qe4 Nxe5 23. Nxe5 Qxd6 24. Nc4 Qb4 25. Qg4 Nf6 26. Qf4 Rfc8 27. Ba3 Qc3 28. Rac1 Qd3 29. Bxe7 Rxe7 30. Rfd1 Qe4+ 31. Qxe4 Nxe4 32. Nb6 Rce8 33. Nc8 g6 34. Nxe7+ Rxe7 35. Rc8+ Kg7 36. Rdd8 Nf6 37. h3 Nd5 38. g4 Kf6 39. h4 h5 40. g5+ Kf5 41. Kf3 Nb4 42. Rc5+ e5 43. Rd6 Re6 44. Rd7 f6 45. Rf7 Nc6 46. Kg3 Nd4 47. f3 a6 48. Kf2 Nb5 49. Ke3 Nd6 50. Rf8 b6 51. Rd5 Nb5 52. f4 Nc7 53. Rxe5+ Rxe5+ 54. fxe5 Kxe5 55. gxf6 Nd5+ 56. Kd3 Nxf6 57. Rb8 Nd5 58. Re8+ Kf5 59. Kd4 Nb4 60. a3 Nc2+ 61. Kd5 Nxa3 62. Kc6 g5 63. hxg5 Kxg5 64. Kxb6 h4 65. Rh8 Kg4 66. Kc5 Kg3 67. Kd4 h3 68. Ke3 Nc2+ 69. Kd2 Nb4 70. Ke2 h2 71. Kf1 a5 72. Rg8+ Kf3 73. Rh8 Kg3 74. Ke2 Kg2 75. Rg8+ Kh3 76. Kf2 Nd3+ 77. Ke3 Nb4 1/2-1/2

[Event "Eastern Asia-ch U10"]
[Site "Tornelo INT"]
[Date "2021.10.30"]
[Round "4"]
[White "Chen, Yifei"]
[Black "Nguyen, Ba Khanh Trinh"]
[Result "0-1"]
[WhiteElo "1042"]
[BlackElo "1321"]
[PlyCount "72"]
[EventDate "2021.10.29"]
[EventType "swiss"]
[EventRounds "9"]
[EventCountry "NET"]
[SourceTitle "EXT 2023"]
[Source "ChessBase"]
[SourceDate "2022.10.05"]
[SourceVersion "1"]
[SourceVersionDate "2022.10.05"]
[SourceQuality "1"]

1. d4 d5 2. Bf4 Nf6 3. e3 a6 4. Bd3 e6 5. c3 Bd6 6. Bg3 Bxg3 7. hxg3 h6 8. Nf3 Nc6 9. Nbd2 Bd7 10. a4 Qe7 11. Qe2 Na7 12. Ne5 Bc6 13. g4 Nd7 14. Ndf3 Nb6 15. g5 Bxa4 16. Bg6 Rf8 17. gxh6 gxh6 18. Rxh6 fxg6 19. Nxg6 Qg7 20. Nxf8 Qxh6 21. Nxe6 Qxe6 22. Ne5 0-0-0 23. Qh5 Nc6 24. Nxc6 Bxc6 25. b4 Rg8 26. Kf1 Qg6 27. Qh1 Bb5+ 28. Kg1 Bd3 29. Rd1 Be4 30. Qh3+ Qf5 31. Qh4 Qg4 32. Qxg4+ Rxg4 33. g3 Bf3 34. Re1 Rg7 35. e4 Rh7 36. Re3 Rh1# 0-1